| 000 | 00723nam a22002297a 4500 | ||
|---|---|---|---|
| 003 | UA-OsUOA | ||
| 001 | 25454 | ||
| 007 | ta | ||
| 008 | 20040414b un ||||| |||| 00| 0 ukr d | ||
| 100 | _aЗлупко С.М. | ||
| 090 |
_a330(477) _bЗ-68 |
||
| 942 | _cSA | ||
| 040 |
_aUA-OsUOA _bukr _cUA-OsUOA _dUA-OsUOA |
||
| 245 | _aІнституційно-інвестиційна теорія Михайла Туган-Барановського та її вплив на світову інвестологію | ||
| 300 | _aС.3-17 | ||
| 955 | _a0 | ||
| 041 | _aukr | ||
| 080 | _a330(477) | ||
| 044 | _aUA | ||
| 773 | 0 |
_w0 _tФінанси України _dК. _d2004 _g№4 |
|
| 650 | 7 |
_aЕкономіка України _2UDC |
|
| 999 |
_c311750 _d311750 |
||